| 000 | 00616nam a2200133Ia 4500 | ||
|---|---|---|---|
| 008 | 171212s9999 xx 000 0 und d | ||
| 020 | _a9780833079930 | ||
| 100 | _aGordon IV, John;Matsumura, John | ||
| 245 |
_cGordon IV, John;Matsumura, John _aThe Army's Role in Overcoming Anti-Access and Area Denial Challenges |
||
| 260 |
_bRAND Corporation _c2013 |
||
| 650 | _aDeployment (Strategy); United States. Army; Military doctrine -- United States; Operational art (Military science); World politics -- 21st century; Asymmetric warfare | ||
| 650 | _aHistory | ||
| 856 | _uhttp://www.jstor.org/stable/10.7249/j.ctt5hhw9j | ||
| 999 |
_c352613 _d352613 |
||